Así es la vida, tal como es la vida...
Saved in:
| Hovedforfatter: | |
|---|---|
| Andre forfattere: | |
| Format: | Bog |
| Sprog: | spansk |
| Udgivet: |
Santiago
Nascimento
1982
|
| Udgivelse: | 1a. ed |
| Fag: | |
| Tags: |
Tilføj Tag
Ingen Tags, Vær først til at tagge denne postø!
|
MARC
| LEADER | 00000cam a2200000 a 4500 | ||
|---|---|---|---|
| 001 | UCE4891 | ||
| 003 | CL-VaPUC | ||
| 008 | 141113e19820000cl |||||||||||||||||spa|d | ||
| 082 | 0 | 4 | |a Pe861 |b VAL |2 21 |
| 100 | |a Vallejo, César |e author |9 269109 | ||
| 700 | |a Massone del Campo, Juan Antonio |e autor |9 561466 | ||
| 245 | 1 | 0 | |a Así es la vida, tal como es la vida... |
| 250 | |a 1a. ed | ||
| 300 | |a 163 p | ||
| 942 | |c BK | ||
| 945 | |d 20141113 14:00:00 |a arojas | ||
| 260 | |a Santiago |b Nascimento |c 1982 | ||
| 650 | 0 | |a Poesías peruanas |9 267668 | |
| 650 | 0 | |a Literatura peruana |9 257452 | |
| 583 | |a last modification |c 20141113 14:00:00 |k Rodrigo Vera | ||
| 999 | |c 357747 |d 357745 | ||
| 952 | |0 0 |1 0 |3 erb |4 0 |6 PE_861_000000000000000_VAL_1982 |7 0 |8 X |9 465799 |a FDOBUD |b FDOBUD |i 5107423 |o Pe861 VAL 1982 |p 5107423 |r 2019-11-23 |w 2019-11-23 |y BK_X |z Catalogado en:20141113 |k BUD | ||